000 00202 a2200097 4500
001 29052
100 _aErodelyi A
245 _aOperational calculus
260 _a
_bRinehart
_c
090 _c19403
_d19403
942 _aNUST-CAE
_cM
_c10451
999 _c264125
_d264125